Las cooperativas de vivienda en Chile : 1974-1984 /

De acuerdo a la política neo-liberal aplicada en Chile en los últimos años, no se otorga a las Cooperativas un status o apoyo especial por parte del Estado. Esto significa que aunque la Ley General de Cooperativas continúa vigente, los cambios introducidos en ellas permiten que se las considere como...

Full description

Bibliographic Details
Main Author: Rosenfeld, Alex
Other Authors: Segovia, Olga
Format: Analitica de revista
Language:Spanish
Published: Santiago, Chile SUR 1986
Subjects:

MARC

LEADER 00000cab a2200000 a 4500
001 037585
003 UAHC_CL
005 20171122123632.0
008 140120s1986 cl 000 spa
952 |0 0  |1 0  |4 0  |6 PROPOSICIONES_12_86_000000000000000  |7 0  |8 COMP  |9 71601  |a BC  |b BC  |c COMP  |d 2017-08-03  |l 0  |o PROPOSICIONES-12/86  |r 2017-08-03 00:00:00  |t 1  |w 2017-08-03  |y REVA 
999 |c 37585  |d 37585 
040 |a UAHC_CL  |c UAHC_CL  |d UAHC_CL 
100 1 |a Rosenfeld, Alex 
245 1 4 |a Las cooperativas de vivienda en Chile :  |b 1974-1984 /  |c Alex Rosenfeld y Olga Segovia. 
260 |b SUR  |c 1986  |a Santiago, Chile 
300 |a pp. 67-78 
310 |a Anual. 
362 0 |a Año 1, no. 1 (nov. 2002)- . 
362 0 |a Año 1, no. 1 (nov. 2002)- . 
500 |a En: Proposiciones. no. 12, 1986. pp. 67-78. ISSN. 956208051X. 
520 |a De acuerdo a la política neo-liberal aplicada en Chile en los últimos años, no se otorga a las Cooperativas un status o apoyo especial por parte del Estado. Esto significa que aunque la Ley General de Cooperativas continúa vigente, los cambios introducidos en ellas permiten que se las considere como a cualquier otro agente económico que actúa en el mercado. 
650 4 |a COOPERATIVAS DE VIVIENDAS  |z CHILE 
700 1 |a Segovia, Olga 
900 |a PROPOSICIONES-12/86 
942 |c REVA  |2 ddc